Statistics for Top 10 Steel Producing Countries

Click here to take the quiz!

General Stats

  • This quiz has been taken 48 times
  • The average score is 9 of 10

Answer Stats

#Millions TonnesCountry% Correct
1626.7China
100%
566.8India
95%
467.0Russia
95%
380.6United States
95%
743.8Germany
93%
2109.6Japan
90%
932.8Brazil
88%
658.5South Korea
85%
1029.0Turkey
63%
833.6Ukraine
61%

Score Distribution

Percentile by Number Answered

Percent of People with Each Score

Your Score History

You have not taken this quiz